Los cazadores de mamuts

I tiakina i:
Ngā taipitopito rārangi puna kōrero
Kaituhi matua: Auel, Jean M (Author)
Hōputu: Pukapuka
Reo:Pāniora
I whakaputaina: Cuernavaca Océano 2011
Putanga:1a. ed
Rangatū:Los Hijos de la Tierra, 3
Ngā marau:
Ngā Tūtohu: Tāpirihia he Tūtohu
Kāore He Tūtohu, Me noho koe te mea tuatahi ki te tūtohu i tēnei pūkete!

MARC

LEADER 00000cam a2200000 a 4500
001 UCF0156
003 CL-VaPUC
008 120427e20110400MX |||||||||||||||||spa|d
020 |a 9786074005134 
082 0 4 |a 813  |b AUE  |2 21 
100 0 |a Auel, Jean M  |e author  |9 562016 
245 1 4 |a Los cazadores de mamuts 
250 |a 1a. ed 
300 |a 767 p 
942 |c BK 
945 |d 20120427 00:00:00  |a dcastane 
260 |a Cuernavaca  |b Océano  |c 2011 
650 0 |a Novelas estadounidenses  |9 265217 
650 0 |a Literatura estadounidense  |9 317168 
650 0 |a Prehistoria  |9 316557 
583 |a last modification  |c 20120427 10:27:00  |k Rodrigo Vera 
490 0 |a Los Hijos de la Tierra, 3 
999 |c 347637  |d 347635 
952 |0 0  |1 0  |4 0  |6 813_000000000000000_AUE_2011  |7 0  |8 A  |9 449108  |a BIBING  |b BIBING  |d 2019-11-22  |i 4860586  |o 813 AUE 2011  |p 4860586  |r 2025-01-20  |w 2019-11-22  |y BK  |k CUI 
952 |0 0  |1 0  |3 erb  |4 0  |6 813_000000000000000_AUE_2011  |7 0  |8 C  |9 449109  |a BIBCUR  |b BIBCUR  |i 5206715  |o 813 AUE 2011  |p 5206715  |r 2025-04-22  |w 2019-11-22  |y BK  |z Catalogado en:20151022  |k CAC